[Event "Hvar op"]
[Site "Hvar"]
[Date "2023.10.15"]
[Round "1"]
[White "Mrkic, Simun"]
[Black "Markotic, Gordan"]
[Result "1-0"]
[WhiteElo "1709"]
[BlackElo "2238"]
[PlyCount "69"]
[EventDate "2023.10.15"]
[EventType "swiss"]
[EventRounds "9"]
[EventCountry "CRO"]
[SourceTitle "Mega2024 Update 01"]
[Source "Chessbase"]
[SourceDate "2023.11.12"]
[SourceVersion "1"]
[SourceVersionDate "2023.11.12"]
[SourceQuality "1"]

1. e4 c6 2. d4 d5 3. f3 e6 4. Nc3 Bb4 5. Bf4 Nf6 6. e5 Nfd7 7. a3 Bxc3+ 8. bxc3 c5 9. Nh3 Nc6 10. Be2 Qa5 11. Bd2 Qa4 12. Be3 f6 13. f4 fxe5 14. fxe5 0-0 15. Ng5 Ndxe5 16. dxe5 Nxe5 17. Nf3 Nxf3+ 18. Bxf3 Qh4+ 19. Bf2 Qf6 20. Qd2 Qe5+ 21. Qe3 Qxe3+ 22. Bxe3 b6 23. c4 Rxf3 24. gxf3 d4 25. Bf4 Ba6 26. Rg1 Bxc4 27. Be5 g6 28. h4 Bd5 29. h5 Kf7 30. hxg6+ hxg6 31. Rh1 g5 32. Kf2 Kg6 33. Rh8 Kf5 34. Rxa8 Bxa8 35. Bb8 1-0

[Event "CRO-chT1B 25th"]
[Site "Sibenik"]
[Date "2016.10.13"]
[Round "6.5"]
[White "Paljusaj, Edmond"]
[Black "Markotic, Gordan"]
[Result "1/2-1/2"]
[WhiteElo "2310"]
[BlackElo "2276"]
[PlyCount "106"]
[EventDate "2016.10.08"]
[EventType "team-tourn"]
[EventRounds "9"]
[EventCountry "CRO"]
[SourceTitle "EXT 2017"]
[Source "ChessBase"]
[SourceDate "2016.10.25"]
[SourceVersion "1"]
[SourceVersionDate "2016.10.25"]
[SourceQuality "1"]
[WhiteTeam "Bibinje Goran"]
[BlackTeam "Dubrovnik"]
[WhiteTeamCountry "CRO"]
[BlackTeamCountry "CRO"]

1. e4 c6 2. d4 d5 3. e5 g6 4. Nd2 Bg7 5. Bd3 f6 6. f4 Nh6 7. Ndf3 0-0 8. Ne2 Bg4 9. 0-0 Qb6 10. Kh1 c5 11. dxc5 Qxc5 12. exf6 exf6 13. h3 Bxf3 14. Rxf3 f5 15. c3 Nc6 16. Be3 Qe7 17. Bb5 Rfd8 18. Qa4 Rac8 19. Nd4 Nxd4 20. Bxd4 a6 21. Bf1 Rc6 22. Re3 Re6 23. Rxe6 Qxe6 24. Bxg7 Kxg7 25. Qd4+ Qf6 26. Rd1 Qxd4 27. Rxd4 Ng8 28. Bc4 Nf6 29. Bb3 Rd7 30. Kg1 Kf7 31. Kf2 Ke7 32. Kf3 Kd6 33. g4 fxg4+ 34. hxg4 Kc5 35. Bc2 a5 36. g5 Nh5 37. f5 Ng7 38. fxg6 hxg6 39. Kg4 Ne6 40. Ra4 b5 41. Rxa5 d4 42. Ra6 Nc7 43. Rxg6 d3 44. b4+ Kc4 45. Rc6+ Kd5 46. Rc5+ Ke4 47. Bd1 d2 48. a4 bxa4 49. Bxa4 Kd3 50. b5 Nd5 51. Rxd5+ Rxd5 52. g6 Kxc3 53. Bd1 Rxb5 1/2-1/2

[Event "CRO-chT1B 24th"]
[Site "Bol"]
[Date "2015.10.04"]
[Round "2.24"]
[White "Biliskov, Vjekoslav"]
[Black "Markotic, Gordan"]
[Result "1/2-1/2"]
[WhiteElo "2337"]
[BlackElo "2275"]
[PlyCount "45"]
[EventDate "2015.10.03"]
[EventType "team-tourn"]
[EventRounds "9"]
[EventCountry "CRO"]
[SourceTitle "CBM 168 Extra"]
[Source "ChessBase"]
[SourceDate "2015.10.29"]
[SourceVersion "1"]
[SourceVersionDate "2015.10.29"]
[SourceQuality "1"]
[WhiteTeam "Bibinje Goran"]
[BlackTeam "Dubrovnik"]
[WhiteTeamCountry "CRO"]
[BlackTeamCountry "CRO"]

1. d4 g6 2. e4 Bg7 3. Nc3 c6 4. Nf3 d5 5. h3 Nh6 6. Be2 0-0 7. 0-0 b6 8. Bf4 f5 9. exd5 cxd5 10. Nb5 Nf7 11. Bxb8 Rxb8 12. Nxa7 Bb7 13. c4 Nd6 14. c5 Ne4 15. c6 Ra8 16. cxb7 Rxa7 17. Qb3 e6 18. Rfc1 Rxb7 19. Rc6 Re8 20. Rac1 Nd6 21. a4 Bf8 22. Qc2 Rb8 23. Qb3 1/2-1/2

[Event "CRO-chT1B"]
[Site "Bol"]
[Date "2014.10.04"]
[Round "1.5"]
[White "Markotic, Gordan"]
[Black "Zamostni, Jan"]
[Result "1/2-1/2"]
[WhiteElo "2280"]
[BlackElo "2237"]
[PlyCount "103"]
[EventDate "2014.10.04"]
[EventType "team-tourn"]
[EventRounds "9"]
[EventCountry "CRO"]
[SourceTitle "CBM 162 Extra"]
[Source "ChessBase"]
[SourceDate "2014.10.17"]
[SourceVersion "1"]
[SourceVersionDate "2014.10.17"]
[SourceQuality "1"]
[WhiteTeam "Dubrovnik"]
[BlackTeam "Strigova Stridon"]
[WhiteTeamCountry "CRO"]
[BlackTeamCountry "CRO"]

1. d4 Nf6 2. c4 d6 3. Nc3 Bf5 4. g3 e5 5. dxe5 dxe5 6. Qxd8+ Kxd8 7. Bg5 c6 8. e4 Be6 9. f4 h6 10. Bh4 Kc7 11. Nf3 Bb4 12. Nd2 Bxc3 13. bxc3 Na6 14. Bxf6 gxf6 15. f5 Bd7 16. Nb3 c5 17. Kf2 Ba4 18. Ke3 Rhd8 19. Be2 b6 20. Rhd1 Rd7 21. Bh5 Rxd1 22. Rxd1 Be8 23. Be2 Ba4 24. Bh5 Be8 25. Ra1 Rd8 26. Rd1 Ra8 27. Nd2 Nb8 28. Nf1 Nc6 29. Kf2 Ne7 30. Ne3 a6 31. Rd2 b5 32. Nd5+ Nxd5 33. Rxd5 Kc6 34. Bd1 Rb8 35. Kf3 Kc7 36. Rxc5+ Bc6 37. cxb5 axb5 38. Bb3 Kd6 39. Rxc6+ Kxc6 40. Bxf7 Kd6 41. Ke3 Rc8 42. Kd3 Kc5 43. Be6 Rc7 44. Ke2 Rg7 45. Ke3 Kb6 46. Bb3 Kc5 47. Be6 Rc7 48. Bb3 Rd7 49. g4 Rg7 50. h3 Kd6 51. Bd1 Kc5 52. Bb3 1/2-1/2

[Event "CRO-chT2"]
[Site "Bol"]
[Date "2013.09.21"]
[Round "8.5"]
[White "Martic, Zlatko"]
[Black "Markotic, Gordan"]
[Result "0-1"]
[WhiteElo "2306"]
[BlackElo "2291"]
[PlyCount "66"]
[EventDate "2013.09.14"]
[EventType "team-tourn"]
[EventRounds "9"]
[EventCountry "CRO"]
[SourceTitle "CBM 156 Extra"]
[Source "ChessBase"]
[SourceDate "2013.10.22"]
[SourceVersion "1"]
[SourceVersionDate "2013.10.22"]
[SourceQuality "1"]
[WhiteTeam "Slavonski Brod"]
[BlackTeam "Dubrovnik"]
[WhiteTeamCountry "CRO"]
[BlackTeamCountry "CRO"]

1. e4 c6 2. b3 d5 3. Bb2 dxe4 4. Nc3 Nf6 5. Nge2 Bf5 6. Ng3 Bg6 7. Qe2 Nbd7 8. h4 h6 9. h5 Bh7 10. Ngxe4 e6 11. 0-0-0 Be7 12. g4 Qa5 13. Bg2 Nxe4 14. Bxe4 Bxe4 15. Qxe4 Nf6 16. Qg2 Ba3 17. f4 0-0-0 18. Rhe1 Nd5 19. Re5 f6 20. Ree1 Nxf4 21. Qe4 Bxb2+ 22. Kxb2 e5 23. Qf5+ Kb8 24. d4 Rhe8 25. Re4 Nd5 26. Ne2 exd4 27. Rdxd4 Qc7 28. c4 Nb6 29. Nf4 Rxe4 30. Rxe4 Qd6 31. Ne6 Qd2+ 32. Ka3 Qc1+ 33. Kb4 a5+ 0-1

[Event "CRO-chT2"]
[Site "Bol"]
[Date "2013.09.19"]
[Round "6.5"]
[White "Markotic, Gordan"]
[Black "Grgurevic, Boris"]
[Result "1/2-1/2"]
[WhiteElo "2291"]
[BlackElo "2228"]
[PlyCount "70"]
[EventDate "2013.09.14"]
[EventType "team-tourn"]
[EventRounds "9"]
[EventCountry "CRO"]
[SourceTitle "CBM 156 Extra"]
[Source "ChessBase"]
[SourceDate "2013.10.22"]
[SourceVersion "1"]
[SourceVersionDate "2013.10.22"]
[SourceQuality "1"]
[WhiteTeam "Dubrovnik"]
[BlackTeam "Sibenik"]
[WhiteTeamCountry "CRO"]
[BlackTeamCountry "CRO"]

1. d4 Nf6 2. c4 g6 3. Nf3 Bg7 4. g3 0-0 5. Bg2 d6 6. 0-0 Nbd7 7. Nc3 c6 8. h3 e5 9. e4 Qa5 10. Re1 exd4 11. Nxd4 Ne5 12. Bf1 Be6 13. Nxe6 fxe6 14. Kg2 Nf7 15. Rb1 Qc7 16. b4 Rad8 17. Qb3 Nd7 18. Be3 Rc8 19. Red1 a6 20. Rbc1 Qb8 21. Be2 Rfe8 22. f4 Bh6 23. h4 Rcd8 24. Bf3 Nfe5 25. Be2 Nf7 26. g4 e5 27. g5 exf4 28. Bxf4 Bg7 29. Rf1 Be5 30. Be3 Bxc3 31. Qxc3 Nde5 32. h5 Qc7 33. Rh1 Qe7 34. hxg6 Nxg6 35. Bd3 Qe5 1/2-1/2

[Event "CRO-chT1B 20th"]
[Site "Sibenik"]
[Date "2011.10.11"]
[Round "8.1"]
[White "Markotic, Gordan"]
[Black "Ivic, Mateo"]
[Result "1-0"]
[WhiteElo "2287"]
[BlackElo "2290"]
[PlyCount "131"]
[EventDate "2011.10.04"]
[EventType "team-tourn"]
[EventRounds "9"]
[EventCountry "CRO"]
[SourceTitle "CBM 144 Extra"]
[Source "ChessBase"]
[SourceDate "2011.10.28"]
[SourceVersion "1"]
[SourceVersionDate "2011.10.28"]
[SourceQuality "1"]
[WhiteTeam "Dubrovnik"]
[BlackTeam "Split Brda"]
[WhiteTeamCountry "CRO"]
[BlackTeamCountry "CRO"]

1. d4 Nf6 2. c4 g6 3. g3 Bg7 4. Bg2 0-0 5. Nf3 d6 6. 0-0 c5 7. dxc5 dxc5 8. Nc3 Nc6 9. Qa4 Qb6 10. Qa3 Qb4 11. Qxb4 cxb4 12. Nd5 Bg4 13. Bg5 h6 14. Be3 Nd7 15. Rad1 Bxf3 16. Bxf3 Nde5 17. b3 Nxf3+ 18. exf3 e6 19. Nc7 Rac8 20. Nb5 Rfd8 21. Kg2 Rxd1 22. Rxd1 a6 23. Na7 Rd8 24. Rxd8+ Nxd8 25. Nc8 Bf8 26. Nb6 Nc6 27. Nd7 h5 28. Kf1 Be7 29. Ke2 f6 30. Bc5 Kf7 31. Bxe7 Kxe7 32. Nc5 Nd8 33. h4 f5 34. Ke3 a5 35. Nd3 Nc6 36. f4 Kd6 37. f3 b6 38. Kf2 a4 39. bxa4 Na5 40. Nxb4 Nxc4 41. Nd3 Kd5 42. Ke2 Kd4 43. Nb4 Nb2 44. a5 bxa5 45. Nc6+ Kc3 46. Nxa5 Nd3 47. Nc6 Nc1+ 48. Kf2 Nxa2 49. Ne5 Kd4 50. Nxg6 Nc3 51. Nf8 e5 52. fxe5 Kxe5 53. Ng6+ Kd4 54. Nf4 Nd1+ 55. Kg2 Ne3+ 56. Kh3 Nf1 57. Nxh5 Ke3 58. g4 fxg4+ 59. fxg4 Kd4 60. Ng3 Nd2 61. g5 Ke5 62. Kg4 Nc4 63. Kh5 Kf4 64. g6 Nd6 65. g7 Ne8 66. Kg6 1-0